000 01164nam a2200253Ia 4500
999 _c38532
_d38532
001 4633
003 GE_BSU
005 20190510150348.0
008 181216s2003||||ge |||||||||||||| ||geo||
020 _a9994023241
040 _cGE_BSU
041 _ageo
080 _a316 ბ–78
100 _aბობიო, ნორბერტო
_9956
245 _aდემოკრატიის მომავალი = Il Euturo della democrazia /
_cნორბერტო ბობიო ; მთარგმნ : ნ. კენჭაძე; სამეცნ. რედ : ზურაბ ჭიაბერაშვილი
264 _aთბილისი .:
_bენა და კულტურა,
_c2003.
300 _a255 გვ .;
_c20სმ.
653 _aდემოკრატია
653 _aდემოკრატიის მომავალი
653 _aსოციოლოგია
700 _aკენჭაძე, ნ
_eმთარგმნელი
_9957
700 _a ჭიაბერაშვილი, ზურაბ
_eსამეცნიერო რედაქტორი
_9958
942 _cBK
_2udc